Dustin Lynch Charting Songs (Billboard Hot 100) - Statistics

General Stats
  • This quiz has been taken 35 times
    5 since last reset
  • The average score is 6 of 12
Answer Stats
Album Weeks On Peak Artist(s) Song % Correct
Dustin Lynch 22 Weeks #40 Dustin Lynch Cowboys and Angels
75%
Tullahoma 20 Weeks #47 Dustin Lynch Ridin' Roads
75%
Tullahoma 26 Weeks #30 Dustin Lynch ft. Lauren Alaina or MacKenzie Porter Thinking 'Bout You
75%
Where It's At 20 Weeks #42 Dustin Lynch Where It's At (Yep, Yep)
75%
Where It's At 16 Weeks #57 Dustin Lynch Mind Reader
50%
Tullahoma 15 Weeks #59 Dustin Lynch Momma's House
50%
Current Mood 9 Weeks #55 Dustin Lynch Seein' Red
50%
Current Mood 20 Weeks #36 Dustin Lynch Small Town Boy
50%
Blue in the Sky 6 Weeks #81 Dustin Lynch Stars Like Confetti
50%
Killed the Cowboy 17 Weeks #50 Dustin Lynch & Jelly Roll Chevrolet
25%
Tullahoma 15 Weeks #44 Dustin Lynch Good Girl
25%
Where It's At 16 Weeks #55 Dustin Lynch Hell of a Night
25%
No matching quizzes found
Score Distribution
Percent of People with Each Score
Percentile by Number Answered
Your Score History
You have not taken this quiz since the last reset